Seen Österreichs - Statistiken

Allgemein
  • Dieses Quiz wurde 203 mal gespielt
  • Das Durchschnittsergebnis liegt bei 16 aus 50
Antwortstatistiken
Bundesland Fläche in km² See % Korrekt
Vorarlberg (nicht vollständig) 536 Bodensee
97%
Burgenland (nicht vollständig) 315 Neusiedler See
95%
Kärnten 19,39 Wörthersee
92%
Oberösterreich 45,9 Attersee
85%
Oberösterreich, Salzburg 16,62 Mondsee
81%
Oberösterreich, Salzburg 13 Wolfgangsee
79%
Oberösterreich 24,5 Traunsee
75%
Kärnten 10,5 Ossiacher See
68%
Kärnten 13,3 Millstätter See
67%
Oberösterreich 8,55 Hallstätter See
56%
Kärnten 6,5 Weißensee
49%
Tirol 6,8 Achensee
45%
Kärnten 2,2 Faaker See
45%
Salzburg 4,55 Zeller See
43%
Salzburg 2,7 Fuschlsee
40%
Kärnten 1,1 Klopeiner See
37%
Steiermark 4,22 Grundlsee
32%
Oberösterreich 3,55 Irrsee
32%
Salzburg 3,58 Mattsee
29%
Salzburg 6,1 Wallersee
29%
Steiermark 0,07 Grüner See
26%
Kärnten 0,75 Längsee
25%
Salzburg 4,88 Obertrumer See
23%
Burgenland 1,23 Zicksee
22%
Steiermark 2,1 Altausseer See
20%
Wien 1,7 Alte Donau
20%
Niederösterreich, Steiermark 0,58 Erlaufsee
20%
Niederösterreich 0,68 Lunzer See
20%
Burgenland 2,5 Lange Lacke
17%
Oberösterreich 0,85 Almsee
16%
Steiermark 0,4 Stubenbergsee
16%
Tirol 2,87 Plansee
14%
Steiermark 0,54 Toplitzsee
14%
Kärnten 1,33 Keutschacher See
12%
Burgenland 0,6 Neufelder See
12%
Salzburg 1,3 Grabensee
11%
Salzburg 0,82 Hintersee
11%
Oberösterreich 0,55 Offensee
11%
Kärnten 0.55 Pressegger See
10%
Steiermark 0,56 Schwarzlsee
10%
Tirol 0,95 Walchsee
9%
Burgenland 0,5 Warmsee
8%
Tirol 1,37 Heiterwanger See
7%
Tirol 0,25 Thiersee
7%
Vorarlberg 1,12 Lünersee
5%
Tirol 0,73 Haldensee
4%
Oberösterreich 0,31 Hinterer Gosausee
3%
Steiermark 0,5 Leopoldsteiner See
3%
Tirol 0,24 Pillersee
3%
Oberösterreich 0,52 Vorderer Gosausee
3%
Keine übereinstimmenden Quizze gefunden
Verteilung der Resultate
Anzahl Personen mit jedem Resultat
Perzentil nach korrekt beantworteten Fragen
Ihre Resultats-Entwicklung
Sie haben dieses Quiz noch nicht gespielt